000 00595cam a2200217 i 4500
001 881718
005 20180104080845.0
008 800319s1980 nyua b 001 0 eng
010 _a 80013335
020 _a0471058645 :
_c$27.50 (est.)
040 _aDLC
_cDLC
_dDLC
041 _aeng
080 _a658.4032 ROB
082 0 0 _a658.4032 ROB
100 1 _a20
101 _aPOL
245 1 0 _aSystems analysis and policy sciences :
_cRobert M. Krone.
504 _aBibliography: p. 187-207.
906 _a7
_bcbc
_corignew
_d1
_eocip
_f19
_gy-gencatlg
942 _2ddc
_cBK
999 _c39740
_d39740